| 000 | 00643nam a2200205Ia 4500 | ||
|---|---|---|---|
| 003 | GCL | ||
| 008 | 140319s9999 xx 000 0 ara d | ||
| 040 |
_aGCL / _cGCL |
||
| 082 | 0 | 4 |
_a933.4 _bط ت |
| 100 | 1 | _aطومسون، توماس ل. | |
| 245 | 1 | 0 |
_aالتاريخ القديم للشعب الاسرائيلى / _cطومسون، توماس ل. |
| 700 | 1 | _aصالح على سواح | |
| 300 | _a293 ص | ||
| 490 | _a | ||
| 650 | 0 | 4 | _aالنزاع العربى الاسرائيلى |
| 650 | 0 | 4 | _aالاحتلال الصهيونى |
| 650 | 0 | 4 | _aفلسطين - تاريخ |
| 650 | 0 | 4 | _aاسرائيل - تاريخ |
| 942 |
_2ddc _cBK |
||
| 999 |
_c39195 _d39195 |
||